书目信息 |
| 题名: |
精密电气测量
|
|
| 作者: | 李继凡 编 | |
| 分册: | ||
| 出版信息: | 北京 计量出版社 1984 |
|
| 页数: | 406页 | |
| 开本: | 25cm | |
| 丛书名: | ||
| 单 册: | ||
| 中图分类: | TM93 | |
| 科图分类: | ||
| 主题词: | 精密测量:电气测量 , 电气测量:精密测量 | |
| 电子资源: | ||
| ISBN: | ||
| 000 | 00653nam0 2200253 45 | |
| 001 | 0184016707 | |
| 005 | 20040521082621.2 | |
| 010 | @dCNY3.75 | |
| 091 | @a15210.331 | |
| 100 | @a19950706d1984 em y0chiy0121 ea | |
| 101 | 0 | @achi |
| 102 | @aCN@b110000 | |
| 105 | @ay z 000yy | |
| 106 | @ar | |
| 200 | 10 | @a精密电气测量@Ajing mi dian qi ce liang@f李继凡编 |
| 210 | @a北京@c计量出版社@d1984 | |
| 215 | @a406页@d25cm | |
| 606 | @a精密测量:电气测量 | |
| 606 | @a电气测量:精密测量 | |
| 690 | @aTM93@v3 | |
| 701 | 0 | @a李继凡@Ali ji fan@4编 |
| 801 | 0 | @aCN@b上海图书馆@c20040521 |
| 801 | 2 | @aCN@bNLC@c20040521 |
| 905 | @f2@b119150-151@dTM93@e30 | |
| 精密电气测量/李继凡编.-北京:计量出版社,1984 |
| 406页;25cm |
| ISBN :CNY3.75 |
| ● |
| 相关链接 |
|
|
|
|
正题名:精密电气测量
索取号:TM93/30
 
预约/预借
| 序号 | 登录号 | 条形码 | 馆藏地/架位号 | 状态 | 备注 |
| 1 | 0119150 | 001346181 | 第三借阅区/ [索取号:TM93/30] | 在馆 | |
| 2 | 0119151 | 001346261 | 第三借阅区/ [索取号:TM93/30] | 在馆 | |
| 3 | 0119152 | 001346225 | 第二样本阅览室/ [索取号:TM93/30] | 在馆 |